000 00592cam a2200133 4500500
005 20250921000645.0
041 _afre
042 _adc
100 1 0 _aBouquet, Christian
_eauthor
245 0 0 _aCôte d'Ivoire : Le désespoir de Kourouma
260 _bArmand Colin,
_c2011.
520 _aCe manuel permet de mesurer les enjeux de la crise ivoirienne et d’en comprendre la complexité. Une cartographie met en perspective l’évolution de la géographie électorale depuis 2000.
856 4 1 _uhttps://shs.cairn.info/cote-divoire--9782200271862?lang=fr&redirect-ssocas=7080
999 _c1502770
_d1502770